The Ships of Youth / (Record no. 186174)

000 -LEADER
fixed length control field 00621 a2200169 4500
003 - CONTROL NUMBER IDENTIFIER
control field NUST
005 - DATE AND TIME OF LATEST TRANSACTION
control field 20230127122308.0
040 ## - CATALOGING SOURCE
Transcribing agency Nust
082 ## - DEWEY DECIMAL CLASSIFICATION NUMBER
Classification number 904,EDG
100 ## - MAIN ENTRY--PERSONAL NAME
Personal name Edge , Geraldine
9 (RLIN) 107891
245 ## - TITLE STATEMENT
Title The Ships of Youth /
Statement of responsibility, etc. Geraldine.Edge
260 ## - PUBLICATION, DISTRIBUTION, ETC.
Place of publication, distribution, etc. London
Name of publisher, distributor, etc. Hodder and Stoughton
Date of publication, distribution, etc. 1945
300 ## - PHYSICAL DESCRIPTION
Extent 124:p.
505 ## - FORMATTED CONTENTS NOTE
Formatted contents note Mobilisation (Page-9), The First Beach Landing (Page-24), Sicily and North Africa (Page-41), Salerno Beaches (Page-56), The Cruise Continues (Page-71), More Beach Landings (Page-86), Anzio and After (Page-107).
650 ## - SUBJECT ADDED ENTRY--TOPICAL TERM
Topical term or geographic name entry element The Ships of Youth
9 (RLIN) 107892
942 ## - ADDED ENTRY ELEMENTS (KOHA)
Source of classification or shelving scheme
Koha item type Book
Call number prefix 904,EDG
Holdings
Withdrawn status Lost status Source of classification or shelving scheme Damaged status Not for loan Permanent Location Current Location Shelving location Date acquired Total Checkouts Full call number Barcode Date last seen Date last checked out Price effective from Koha item type Public note
          Military College of Signals (MCS) Military College of Signals (MCS) General Stacks 12/12/2016 1 904,EDG MCS29002 02/11/2025 02/04/2025 12/12/2016 Book Almirah No.58, Shelf No.3
© 2023 Central Library, National University of Sciences and Technology. All Rights Reserved.